Fiscal Discipline and Exchange Rate Regimes : Evidence From the Caribbean /

This paper assesses the nature of fiscal discipline under alternative exchange rate regimes. First, it shows in a simple theoretical framework that fiscal agencies under a currency union with a fixed exchange rate can have the largest incentive to overspend or "free-ride" (compared to thos...

Descrizione completa

Dettagli Bibliografici
Autore principale: Duttagupta, Rupa
Altri autori: Tolosa, Guillermo
Natura: Periodico
Lingua:English
Pubblicazione: Washington, D.C. : International Monetary Fund, 2006.
Serie:IMF Working Papers; Working Paper ; No. 2006/119
Accesso online:Full text available on IMF
LEADER 01971cas a2200253 a 4500
001 AALejournalIMF004151
008 230101c9999 xx r poo 0 0eng d
020 |c 5.00 USD 
020 |z 9781451863796 
022 |a 1018-5941 
040 |a BD-DhAAL  |c BD-DhAAL 
100 1 |a Duttagupta, Rupa. 
245 1 0 |a Fiscal Discipline and Exchange Rate Regimes :   |b Evidence From the Caribbean /  |c Rupa Duttagupta, Guillermo Tolosa. 
264 1 |a Washington, D.C. :  |b International Monetary Fund,  |c 2006. 
300 |a 1 online resource (37 pages) 
490 1 |a IMF Working Papers 
500 |a <strong>Off-Campus Access:</strong> No User ID or Password Required 
500 |a <strong>On-Campus Access:</strong> No User ID or Password Required 
506 |a Electronic access restricted to authorized BRAC University faculty, staff and students 
520 3 |a This paper assesses the nature of fiscal discipline under alternative exchange rate regimes. First, it shows in a simple theoretical framework that fiscal agencies under a currency union with a fixed exchange rate can have the largest incentive to overspend or "free-ride" (compared to those under other exchange rate regimes) owing to their ability to spread the costs of overspending in terms of the inflation tax across both time-given the fixed exchange rate-and space-given the currency union. In contrast, such free-riding behavior does not arise under flexible regimes owing to the immediate inflationary impact of spending. Next, empirically, it shows that fiscal stances in countries with fixed pegs and currency unions regime demonstrate greater free-riding behavior than countries with more flexible regimes in 15 Caribbean countries during 1983-2004. 
538 |a Mode of access: Internet 
700 1 |a Tolosa, Guillermo. 
830 0 |a IMF Working Papers; Working Paper ;  |v No. 2006/119 
856 4 0 |z Full text available on IMF  |u http://elibrary.imf.org/view/journals/001/2006/119/001.2006.issue-119-en.xml  |z IMF e-Library